Statistics for Nationalities of 2010s Formula 1 Drivers

Click here to take the quiz!

General Stats

  • This quiz has been taken 193 times
  • The average score is 40 of 44

Answer Stats

DriverNationality% Correct
Sebastian VettelGermany
100%
Fernando AlonsoSpain
100%
Lewis HamiltonUnited Kingdom
100%
Kimi RäikkönenFinland
99%
Sergio PérezMexico
99%
Max VerstappenNetherlands
99%
Jenson ButtonUnited Kingdom
99%
Daniel RicciardoAustralia
98%
Nico RosbergGermany
98%
Felipe MassaBrazil
97%
Kamui KobayashiJapan
97%
Carlos SainzSpain
97%
Lando NorrisUnited Kingdom
97%
Valtteri BottasFinland
96%
Romain GrosjeanFrance
96%
Pierre GaslyFrance
96%
Charles LeclercMonaco
96%
Daniil KvyatRussia
96%
George RussellUnited Kingdom
96%
Mark WebberAustralia
95%
Bruno SennaBrazil
95%
Rubens BarrichelloBrazil
95%
Lance StrollCanada
95%
Esteban OconFrance
95%
Nico HulkenbergGermany
95%
Antonio GiovinazziItaly
95%
Kevin MagnussenDenmark
94%
Robert KubicaPoland
94%
Alex AlbonThailand
94%
Vitaly PetrovRussia
92%
Jules BianchiFrance
91%
Stoffel VandoorneBelgium
89%
Marcus EricssonSweden
87%
Esteban GutiérrezMexico
86%
Jolyon PalmerUnited Kingdom
86%
Pastor MaldonadoVenezuela
85%
Jean-Eric VergneFrance
81%
Nick HeidfeldGermany
81%
Felipe NasrBrazil
76%
Pascal WehrleinGermany; Mauritius
76%
Paul Di RestaUnited Kingdom
76%
Brendon HartleyNew Zealand
75%
Adrian SutilGermany
73%
Sébastien BuemiSwitzerland
69%

Score Distribution

Percentile by Number Answered

Percent of People with Each Score

Your Score History

You have not taken this quiz